Sobre la desamortización de los montes públicos proyectada por el Señor Camacho / (Registro nro. 160917)

Detalles MARC
000 -LEADER
campo de control de longitud fija 00847nam a2200205 i 4500
001 - NÚMERO DE CONTROL
campo de control 160917
003 - IDENTIFICADOR DE NÚMERO DE CONTROL
campo de control ES-MaACL
005 - FECHA Y HORA DE LA ÚLTIMA TRANSACCIÓN
campo de control 20250716063318.0
008 - DATOS DE LONGITUD FIJA--INFORMACIÓN GENERAL
campo de control de longitud fija 041005s1884 sp |||| | spa d
040 ## - FUENTE DE CATALOGACIÓN
Centro catalogador/agencia de origen CAM
Lengua de catalogación spa
Centro/agencia transcriptor CAM
100 1# - ENTRADA PRINCIPAL--NOMBRE DE PERSONA
Nombre de persona Olazábal, Lucas de,
Fechas asociadas al nombre 1829-1899
9 (RLIN) 130605
245 10 - MENCIÓN DEL TÍTULO
Título Sobre la desamortización de los montes públicos proyectada por el Señor Camacho /
Mención de responsabilidad, etc. [L. de Olazabal].
260 ## - PUBLICACIÓN, DISTRIBUCIÓN, ETC.
Lugar de publicación, distribución, etc. Madrid :
Nombre del editor, distribuidor, etc. [s.n.],
Fecha de publicación, distribución, etc. 1884 (
Fabricante Imp. de Moreno y Rojas)
300 ## - DESCRIPCIÓN FÍSICA
Extensión 31 p. ;
Dimensiones 22 cm.
594 ## - Nota al título y mención de responsabilidad
Nota al título y mención de responsabilidad Autor (p. 31): L. de Olazábal.
650 #4 - PUNTO DE ACCESO ADICIONAL DE MATERIA--TÉRMINO DE MATERIA
Término de materia o nombre geográfico como elemento de entrada Montes públicos-
Subdivisión geográfica España.
9 (RLIN) 143761
650 #4 - PUNTO DE ACCESO ADICIONAL DE MATERIA--TÉRMINO DE MATERIA
Término de materia o nombre geográfico como elemento de entrada Desamortización-
Subdivisión geográfica España-
Subdivisión cronológica S.XIX.
9 (RLIN) 175838
852 4# - LOCALIZACIÓN
Ubicación ES-MaACL
Número de control de estantería T-433-F-3
Nota libre - Enc. hol., falto de cub. original
-- - Enc. en un vol. facticio
-- - An. ms.: "Para el Ateneo de Madrid, R.A.S."
Existencias
Estatus retirado Estado de pérdida Estado de daño No para préstamo Colección Biblioteca de origen Biblioteca actual Ubicación en estantería Fecha de adquisición Total de préstamos Signatura topográfica completa Código de barras Visto por última vez Precio de reemplazo Tipo de ítem Koha
        Colección de folletos Biblioteca del Ateneo de Madrid Biblioteca del Ateneo de Madrid Depósito folletos 17/01/2008   T-433-F-3 1168523 23/02/2023 23/02/2023 Folleto